LEADER 01650nam a2200325 u 4500 001 000000063799 003 CaOOAMICUS 005 20070226121303.0 008 011107s2001 gw u000 u eng u 020 $a3161476379 035 $a10909129 040 $aIPA$bita$dPUL 100 1 $aBakke, Odd Magne,$d1962-$0(OLS)http://pul/name/43226 245 11$a"Concord and peace" :$ba rhetorical analysis of the First Letter of Clement with an emphasis on the language of unity and sedition /$cOdd Magne Bakke. 260 $aTübingen :$bMohr Siebeck,$c2001. 300 $axv, 390 p. ;$c24 cm 490 1 $aWissenschaftliche Untersuchungen zum Neuen Testament.$aReihe 2 ;$v141 [i.e. 143] 500 $aComprende riferimenti bibliografici (p. 343-367) e indice. 502 $aDiss. -- Universitetet i Oslo. 600 04$aClemens PP.$bI,$cRomanus, s.,$dm. c. 99.$0(OLS)http://pul/subject/7388 710 2 $aUniversitetet i Oslo.$0(OLS)http://pul/name/43227 830 0$aWissenschaftliche Untersuchungen zum Neuen Testament.$nReihe 2 ;$v141 [i.e. 143].$0(OLS)http://pul/title/264 850 $aPUL 852 $aPUL$W1$xSL Religione 1$y3$m16 I 143$j82747$nBK-PRI$b $qStampati$B82747$CPULBib$Z2$F82747 $H $81 941 1 $a8 960 $aClemente$bI,$cpapa, s.,$dm. c. 99$97388 961 $aINV: 89476 996 $6020$a3161476379$9(OLS)http://pul/number/82807 996 $6245$a"Concord and peace" :$ba rhetorical analysis of the First Letter of Clement with an emphasis on the language of unity and sedition$9(OLS)http://pul/title/85049 996 $6260$aTübingen :$bMohr Siebeck$9(OLS)http://pul/publisher/52004 LEADER 01409nam a2200289 i 4500 001 000000111496 003 CaOOAMICUS 005 20080507121718.0 008 080507s2001 it u000 u ita c 020 $a88-14-09191-9 040 $aANG$bita$dANDREA$dPUL$dLDB 245 03$aLa costituzione materiale :$bpercorsi culturali e attualità di un'idea /$ca cura di Alessandro Catelani e Silvano Labriola. 260 $aMilano :$bGiuffrè,$c2001. 300 $aviii, 524 p. ;$c24 cm. 490 1 $aQuaderni della Rassegna parlamentare 500 $aAtti del congresso che si è svolto nella Certosa di Pontignano dal 15 al 17 marzo 2001. 504 $aInclude bibliografia. 650 4$aDiritto costituzionale$zItalia$vCongressi.$0(OLS)http://pul/subject/34395 700 1 $aLabriola, Silvano.$0(OLS)http://pul/name/68504 700 1 $aCatelani, Alessandro.$0(OLS)http://pul/name/68446 830 0$aQuaderni della Rassegna parlamentare.$0(OLS)http://pul/title/140224 850 $aPUL 852 $aPUL$W1$xSL Diritto e Scienze Sociali 3$y79$m342 CATAL 1$j127806$qDDC 21$B126511$CPULBib$Z2$F126511 $H107319 $82 941 1 $a9 996 $6020$a88-14-09191-9$9(OLS)http://pul/number/137974 996 $6245$aLa costituzione materiale :$bpercorsi culturali e attualità di un'idea$9(OLS)http://pul/title/140223 996 $6260$aMilano :$bGiuffrè$9(OLS)http://pul/publisher/48401